000 00578nam a2200169 a 4500
001 000049086
005 20201002061637.0
008 090929s20uu dr 000 0 spa d
040 _aDO-SdBNP
_bspa
_cBNPHU
082 _axx
_bxx
245 1 0 _aNueva ley municipal :
_bLey no. 176-07 del Distrito Nacional y los municipios, otras legislaciones.
246 1 3 _aLey no. 176-07
260 _aSanto Domingo :
_bEditora Dalís,
_c[200-?].
300 _a164 p. ;
_c23 cm.
500 _aIncluye referencias bibliográficas y notas al pie de las páginas
590 _aInventariado, 2019/VM
999 _c48574
_d48574